[Event "Titled Tue 11th Jun Late"]
[Site "chess.com INT"]
[Date "2024.06.11"]
[Round "6"]
[White "Nakamura, Hi"]
[Black "Eljanov, P.."]
[Result "1-0"]
[WhiteElo "2794"]
[BlackElo "2671"]
[PlyCount "91"]
[EventDate "2024.06.11"]

1. d4 Nf6 2. c4 e6 3. Nc3 Bb4 4. e3 O-O 5. Bd2 d5 6. Nf3 Nbd7 7. Qc2 c6 8. Bd3 Qe7 9. O-O e5 10. dxe5 Nxe5 11. Nxe5 Qxe5 12. cxd5 cxd5 13. Ne2 Bd6 14. Ng3 Qg5 $146 ({RR} 14... Qe7 15. Bc3 Ng4 16. Bxh7+ Kh8 17. Bf5 Bxf5 18. Qxf5 Qh4 19. Qh5+ Qxh5 20. Nxh5 Bxh2+ 21. Kh1 Be5 22. Bxe5 Nxe5 23. Rad1 Rfd8 24. Nf4 Rac8 25. Rd2 Ng4 26. Kg1 Nf6 27. Rfd1 Rd7 28. f3 Re7 29. Kf2 {Sakaev,K (2535)-Kharlov,A (2555) Moscow 1995 ½-½ (48)}) 15. f4 Qh4 16. Rf3 g6 17. Bc3 Bg4 18. Rff1 Bd7 19. Rf3 Rac8 20. Qd2 Bg4 21. Rff1 Bd7 22. Nh1 Ng4 23. h3 Nh6 24. Rf3 Rfe8 25. Ng3 Bc6 26. Bd4 Bd7 27. b4 a6 28. Raf1 f5 29. Ba1 Bf8 30. Bc2 Be6 31. Bb3 Rcd8 32. Ne2 Bg7 33. Bxg7 Kxg7 34. Nd4 Bf7 35. Rc1 Rc8 36. Rff1 Qf6 37. Nf3 Ng8 38. Ne5 Qd6 39. Nxf7 Kxf7 40. Qxd5+ Qxd5 41. Bxd5+ Kf8 42. Bxb7 Rb8 43. Bxa6 Rxb4 44. Rc3 Nf6 45. Rfc1 Nd5 46. Rc8 1-0

[Event "Berlin FIDE GP 3 Pool-A"]
[Site "Berlin"]
[Date "2022.03.23"]
[Round "2"]
[White "Nakamura, Hikaru"]
[Black "Esipenko, Andrey"]
[Result "1/2-1/2"]
[WhiteElo "2750"]
[BlackElo "2723"]
[PlyCount "127"]
[EventDate "2022.03.22"]
[EventType "tourn"]
[EventRounds "6"]
[EventCountry "GER"]
[EventCategory "20"]
[SourceTitle "CBM 207"]
[Source "ChessBase"]
[SourceDate "2022.04.30"]
[SourceVersion "1"]
[SourceVersionDate "2022.04.30"]
[SourceQuality "1"]

1. d4 Nf6 2. c4 e6 3. Nc3 Bb4 4. e3 O-O 5. Bd2 d5 6. Nf3 b6 7. cxd5 exd5 8. Bd3 Re8 9. O-O Bb7 10. Ne5 Bf8 11. f4 c5 12. Be1 cxd4 ({RR} 12... Nc6 13. Bb5 Re6 14. Bh4 cxd4 15. Bxc6 Bxc6 16. exd4 Bb7 17. f5 Re8 18. Qf3 Be7 19. Qh3 Ne4 20. Bxe7 Rxe7 21. f6 Nxf6 22. Rxf6 gxf6 23. Ng4 Re6 24. Nh6+ Kg7 25. Rf1 Qd7 26. Nf5+ Kh8 27. Rf4 {Shankland,S (2709)-Caruana,F (2806) Saint Louis 2021 0-1 (42)}) ({RR} 12... Nc6 13. Bb5 Qd6 14. Bh4 a6 15. Bxc6 Bxc6 16. dxc5 bxc5 17. Bxf6 Qxf6 18. Nxd5 Bxd5 19. Qxd5 Bd6 20. Nc4 Rad8 21. Qb7 Be7 22. Rad1 Qe6 23. b3 f5 24. h3 Bf6 25. Kh2 h5 26. Qc7 Rc8 27. Qd7 {Noe,C (2508)-Martins,B (2352) Karlsruhe GER 2025 1-0 (40)}) 13. exd4 Nc6 14. Bf2 a6 $146 ({RR} 14... Rc8 15. Qf3 g6 16. Rad1 Bg7 17. Bb1 a6 18. a3 Na5 19. f5 g5 20. h4 h6 21. hxg5 hxg5 22. Be3 Nc4 23. Bxg5 Nxe5 24. dxe5 Rxe5 25. Qg3 Re8 26. Nxd5 Bxd5 27. Rxd5 Qxd5 28. Bxf6 Qc5+ 29. Kh1 {Akshat,K (2403)-Pacher,M (2446) Budapest 2018 ½-½ (33)}) 15. a3 b5 16. Rc1 Qd6 17. Qf3 Rac8 18. Rfe1 Na5 19. b4 Nc4 20. Bxc4 bxc4 21. Na4 Ne4 22. Nc5 Ba8 23. Qe2 a5 24. Qa2 axb4 25. axb4 Rb8 26. Nxe4 dxe4 27. Nxc4 Qe6 28. Qe2 Rxb4 29. Be3 Bd5 30. Nd2 Rb2 31. Rb1 Reb8 32. Rxb2 Rxb2 33. Rb1 Qb6 34. Qf1 Qb4 35. Rxb2 Qxb2 36. Qb1 Qa3 37. Kf2 h6 38. Qb5 Qa8 39. f5 Be7 40. g3 Bf6 41. h4 Qa2 42. Qb8+ Kh7 43. Qb1 Qa8 44. Qb5 Kg8 45. Kg1 Kh8 46. Kg2 Qa2 47. Qc5 Kh7 48. Kf2 Bd8 49. Qf8 Bf6 50. Qc5 h5 51. Kg1 Bd8 52. Qf8 Bf6 53. Qc5 Qa8 54. Qb5 Kg8 55. Kf2 Bc6 56. Qc5 Bd5 57. Bg5 Qa2 58. Qc3 Qa4 59. Bxf6 gxf6 60. Qe3 Qc2 61. Qe2 Qc3 62. Qe3 Qc2 63. Qe2 Qc3 64. Qe3 1/2-1/2

[Event "SpeedChess Final 2024"]
[Site "Paris FRA"]
[Date "2024.09.06"]
[Round "1.11"]
[White "Nakamura, Hi"]
[Black "Firouzja, Alireza"]
[Result "1-0"]
[WhiteElo "2802"]
[BlackElo "2767"]
[PlyCount "61"]
[EventDate "2024.09.06"]
[EventType "k.o."]

1. d4 Nf6 2. c4 e6 3. Nc3 Bb4 4. Qc2 O-O 5. a3 Bxc3+ 6. Qxc3 d5 7. Bg5 h6 8. Bh4 g5 9. Bg3 Ne4 10. Qc2 c5 11. dxc5 Nc6 12. b4 a5 $146 ({RR} 12... f5 13. Bd6 Nxd6 14. cxd6 Qxd6 15. e3 d4 16. Rd1 Qe5 17. Nf3 Qf6 18. Nxd4 Nxd4 19. Rxd4 e5 20. Rd1 f4 21. Qc3 Bg4 22. f3 Bh5 23. Be2 g4 24. exf4 Qh4+ 25. g3 Qe7 26. fxg4 exf4 27. gxh5 {Chylewski,P (2285)-Belenkaya,D (2180) chess.com INT 2024 1-0 (39)}) 13. b5 Qf6 14. Rd1 Nd4 15. Qd3 Nf5 16. Nf3 Nfxg3 17. hxg3 g4 18. cxd5 exd5 19. Qxd5 Re8 20. Rh4 Qc3+ 21. Nd2 Nxf2 22. Rb1 Qxg3 23. Qh5 Ne4+ 24. Kd1 Rd8 25. Rb2 Qe3 26. Qxh6 Nf2+ 27. Kc1 Qc3+ 28. Kb1 Bf5+ 29. e4 Bg6 30. Bc4 Rd6 31. cxd6 1-0

[Event "Bullet Chess Winners 2024"]
[Site "chess.com INT"]
[Date "2024.06.13"]
[Round "6.17"]
[White "Nakamura, Hi"]
[Black "Firouzja, Alireza"]
[Result "0-1"]
[WhiteElo "2794"]
[BlackElo "2737"]
[PlyCount "120"]
[EventDate "2024.06.10"]
[EventType "k.o."]

1. d4 Nf6 2. Nf3 d5 3. c4 e6 4. Nc3 Bb4 5. e3 O-O 6. cxd5 exd5 7. Bd3 c6 ({RR} 7... Nbd7 8. O-O Bd6 9. Rb1 c6 10. b4 a6 11. a4 Re8 12. Qb3 Ne4 13. Ne2 b5 14. a5 Nf8 15. Ne5 Bxe5 16. dxe5 Rxe5 17. Bb2 Rg5 18. f4 Rg6 19. f5 Rg5 20. Bxe4 dxe4 21. Rbd1 Qc7 22. Ng3 {Cori,J (2652)-Tabatabaei,M (2638) Chess.com INT 2020 1-0 (45)}) 8. O-O ({RR} 8. Ne5 Nbd7 9. O-O Nxe5 10. dxe5 Ng4 11. f4 d4 12. exd4 Qxd4+ 13. Kh1 Nf2+ 14. Rxf2 Qxf2 15. Ne4 Qh4 16. Be3 Bg4 17. Qf1 Rad8 18. Bxa7 Rd7 19. Nc5 Rd5 20. Nxb7 Rd7 21. Bf2 Qe7 22. Nd6 Bxd6 {Ernst,R (2340)-Grigoriants,S (2542) chess.com INT 2025 0-1}) 8... Bd6 $146 ({RR} 8... Bg4 9. Be2 Bd6 10. Ne5 Bxe2 11. Nxe2 Bxe5 12. dxe5 Nfd7 13. f4 Qb6 14. Kh1 Nc5 15. Ng3 Nbd7 16. b3 Rfd8 17. Bb2 Ne4 18. Nf5 g6 19. Nh6+ Kg7 20. Ng4 h5 21. e6+ f6 22. exd7 hxg4 23. Qxg4 {Manukyan,S (2216)-Rustamov,R (2283) chess.com INT 2024 0-1 (53)}) 9. Ne2 Re8 10. Ng3 Ne4 11. Nd2 Nxg3 12. hxg3 Nd7 13. b3 Nf6 14. Re1 g6 15. Bb2 Bf8 16. Qc2 h5 17. e4 dxe4 18. Nxe4 Nxe4 19. Bxe4 Bg7 20. Rad1 Be6 21. d5 cxd5 22. Bxg7 Kxg7 23. Bf3 Rc8 24. Qd2 Qf6 25. Re3 b6 26. Rd3 Red8 27. Rd4 Rc5 28. b4 Rc7 29. a3 Rdc8 30. Bxd5 Rc2 31. Qf4 Qxf4 32. Rxf4 Bxd5 33. Rxd5 R8c7 34. Rd3 R2c3 35. Rfd4 Rc1+ 36. Rd1 Rxd1+ 37. Rxd1 Rc3 38. a4 Rc4 39. Rb1 a5 40. bxa5 bxa5 41. Ra1 g5 42. f3 g4 43. Kf2 Rc2+ 44. Kg1 Kg6 45. Rb1 Ra2 46. Rb6+ f6 47. Rb5 Rxa4 48. Kf2 Ra2+ 49. Kg1 a4 50. Ra5 gxf3 51. gxf3 a3 52. Kf1 Kf7 53. Ra6 Ke7 54. f4 Kd7 55. f5 Kc7 56. Rxf6 Rb2 57. Ra6 a2 58. f6 Rb1+ 59. Kg2 a1=Q 60. Rxa1 Rxa1 0-1

[Event "SpeedChess Final 2024"]
[Site "Paris FRA"]
[Date "2024.09.06"]
[Round "1.17"]
[White "Nakamura, Hi"]
[Black "Firouzja, Alireza"]
[Result "1/2-1/2"]
[WhiteElo "2802"]
[BlackElo "2767"]
[PlyCount "115"]
[EventDate "2024.09.06"]
[EventType "k.o."]

1. d4 Nf6 2. c4 e6 3. Nc3 Bb4 4. e3 b6 5. Bd2 Bb7 6. Nge2 O-O 7. a3 Be7 8. Nf4 d5 ({RR} 8... d6 9. d5 e5 10. Nh5 Nxh5 11. Qxh5 Nd7 12. Bd3 g6 13. Qe2 c6 14. b4 f5 15. dxc6 Bxc6 16. e4 f4 17. f3 Nf6 18. O-O Bd7 19. Be1 g5 20. Nd5 Kh8 21. Kh1 g4 22. Bc3 g3 23. c5 {Abdusattorov,N (2727)-Caruana,F (2794) Toronto CAN 2023 0-1 (46)}) 9. cxd5 Nxd5 10. Nfxd5 $146 ({RR} 10. Qf3 c6 11. Ncxd5 cxd5 12. Bd3 Ba6 13. Bc2 Nd7 14. Qh3 Nf6 15. g4 Rc8 16. Rc1 g6 17. Qg2 Ne4 18. h4 e5 19. dxe5 Nxd2 20. Kxd2 d4 21. Be4 dxe3+ 22. Kxe3 Rxc1 23. Rxc1 Bxh4 24. Nd5 Bb7 {Hurme,H (2212)-Tuovinen,J (2116) Helsinki 2001 1-0 (41)}) 10... exd5 11. Bd3 c6 12. O-O Ba6 13. Bxa6 Nxa6 14. Qa4 Qc8 15. Rfc1 Qb7 16. Ne2 c5 17. dxc5 Nxc5 18. Qd1 Rac8 19. Rc2 Ne4 20. Rac1 Bf6 21. Bb4 Rxc2 22. Qxc2 Re8 23. b3 a5 24. Be1 h6 25. Qc6 Qxc6 26. Rxc6 Re6 27. Rc8+ Kh7 28. Nf4 Rd6 29. f3 Nc5 30. b4 axb4 31. axb4 Ne6 32. Nd3 Rd7 33. Rc6 Ra7 34. Kf1 Ra3 35. Nf2 Rxe3 36. Ng4 Rb3 37. Nxf6+ gxf6 38. Rxb6 d4 39. Rd6 Kg6 40. Bd2 h5 41. h4 f5 42. Ke2 Kf6 43. Rd5 Rxb4 44. Rxf5+ Kxf5 45. Bxb4 Nf4+ 46. Kf1 Ng6 47. g3 Ke6 48. Ke2 f5 49. Kf2 Kd5 50. g4 fxg4 51. fxg4 hxg4 52. h5 Ne5 53. Kg3 Ke4 54. h6 Nf7 55. h7 Kf5 56. Bc5 Kg6 57. Bxd4 Kxh7 58. Kxg4 1/2-1/2

[Event "Gibraltar Masters 17th"]
[Site "Caleta"]
[Date "2019.01.25"]
[Round "4"]
[White "Nakamura, Hikaru"]
[Black "Gavrilescu, David"]
[Result "1-0"]
[WhiteElo "2749"]
[BlackElo "2479"]
[Annotator "Krasenkow,Michal"]
[PlyCount "115"]
[EventDate "2019.01.22"]
[EventType "swiss"]
[EventRounds "10"]
[EventCountry "GGB"]
[SourceTitle "CBM 188 Extra"]
[Source "ChessBase"]
[SourceDate "2019.02.26"]
[SourceVersion "1"]
[SourceVersionDate "2019.02.26"]
[SourceQuality "1"]

{[%evp 0,115,80,63,21,-7,0,4,4,-6,33,-24,-31,-31,-3,-31,17,23,26,22,31,29,28,42,58,21,38,44,37,38,43,34,30,11,31,21,30,26,30,29,42,34,48,48,36,30,33,31,33,35,36,47,70,52,66,58,87,92,95,68,75,106,113,100,85,101,116,123,131,116,137,137,141,141,141,141,141,132,141,107,131,125,122,85,120,141,148,126,148,126,126,126,126,126,126,125,167,183,195,167,280,137,387,359,335,470,629,830,992,1002,1002,1002,1002,1012,1259,1366,1366,1817]} 1. d4 Nf6 2. c4 e6 3. Nf3 d5 4. Nc3 Bb4 5. Qa4+ Nc6 6. e3 O-O 7. Qc2 dxc4 8. Bxc4 Bd6 {The most popular move although} (8... e5 {is possible at once.}) 9. O-O (9. Nb5 a6 10. Nxd6 cxd6 11. O-O b5 12. Be2 (12. Bxb5 Nxd4 13. Nxd4 axb5 14. Nxb5 $4 Ba6) 12... Bb7 13. Bd2 Rc8 $11 {1/2 (19) Kuzubov,Y (2660)-Lupulescu,C (2601) Sovata 2018}) (9. Ng5 h6 10. Nge4 e5 11. Nxd6 cxd6 12. d5 Ne7 13. e4 Ng6 14. O-O Nh5 15. Qd1 Nf6 16. Kh1 Bd7 17. a4 Rc8 18. b3 a6 $13 {0-1 (35) Moranda,W (2533)-Moiseenko,A (2632) Polanica Zdroj 2008}) (9. a3 e5 10. d5 (10. h3 Bd7 11. O-O h6 12. b4 exd4 13. exd4 Qc8 14. Nd5 Nxd5 15. Bxd5 Bf5 $11 {1/2 (38) Nakamura,H (2787)-So,W (2770) Paris 2016}) 10... Ne7 11. h3 (11. e4 c6 12. Bg5 cxd5 13. Bxf6 dxc4 14. Bxe5 {1-0 (56) Michalik,P (2576)-Saric,I (2661) Jerusalem 2015} Bxe5 15. Nxe5 Qc7 16. Nf3 Bg4 $15) (11. O-O Ng6 12. b4 Bd7 13. Ng5 Qe7 14. f3 a5 15. b5 Kh8 16. Nge4 Ne8 17. Nxd6 Nxd6 18. Ne4 f5 19. Nxd6 cxd6 20. a4 Rac8 21. Ba3 f4 22. e4 Nh4 $132 {1/2 (43) Sandipan,C (2628)-Neelotpal,D (2471) New Delhi 2012}) 11... Ng6 12. O-O h6 13. Bd3 Re8 14. Re1 Bd7 15. Bd2 c6 16. Ne4 Bf8 17. dxc6 Bxc6 18. Nxf6+ Qxf6 19. Be4 Rac8 20. Bc3 Bxe4 21. Qxe4 Qc6 $11 {0-1 (56) Xu,Y (2538)-Najer,E (2683) Moscow 2018}) 9... e5 (9... a6 10. a3 (10. Rd1 $5) 10... Bd7 11. Rd1 e5 12. d5 Ne7 13. h3 Ng6 14. b4 Qe7 15. Bd3 c6 16. dxc6 Bxc6 17. Ne4 Bxe4 18. Bxe4 Rac8 19. Qb1 Nxe4 20. Qxe4 Rc6 $11 {0-1 (45) Kovalenko,I (2642)-Predke,A (2477) Moscow 2014}) 10. h3 (10. dxe5 Nxe5 11. Nxe5 Bxe5 12. h3 c6 13. a4 a5 14. b3 Re8 15. Bb2 Be6 16. Rfd1 Qb6 17. Bxe6 Rxe6 18. Rd3 Rae8 $11 {1-0 (42) Shirov,A (2696)-Hou,Y (2609) Tromsoe 2013}) (10. d5 Nb4 $1 11. Qb1 e4 12. Nxe4 Nxe4 13. Qxe4 Re8 14. Qb1 Bg4 15. Nd4 Qh4 16. g3 Qh5 17. e4 Bc5 18. Be3 Bxd4 19. Bxd4 Bf3 $36 {1/2 (27) Barria Zuniga,D (2438)-Sanikidze,T (2531) Navalmoral 2011}) 10... a6 {Black has a lot of good alternatives leading to rough equality:} (10... Bd7 $5 11. Rd1 (11. d5 Ne7 12. Rd1 h6 13. b3 a6 14. a4 Ng6 15. Bb2 Kh8 16. Bd3 Ne7 17. Rac1 Qe8 18. Qe2 Rb8 19. Bb1 b5 $132 {0-1 (66) Bu,X (2710)-Yu,Y (2734) Shenzhen 2015}) 11... Qc8 12. dxe5 Nxe5 13. Nxe5 Bxe5 14. e4 Re8 (14... Bxh3 15. gxh3 Qxh3 16. f3 Qxf3 17. Qg2 Qxg2+ 18. Kxg2 Rfe8 19. Kf3 Bxc3 20. bxc3 Rxe4 21. Bd3 Re6 22. Bf4 Rae8 $13 {1-0 (62) Swiercz,D (2614)-Moiseenko,A (2698) Germany 2014}) 15. f3 c6 16. Be3 Be6 17. Bb3 Bc7 18. Rd3 Bb6 19. Bxb6 axb6 20. Bxe6 Qxe6 21. Rad1 b5 22. a3 Qe7 23. Qd2 b4 24. axb4 Qxb4 25. Kh2 Qe7 26. Re1 Rad8 $11 {1/2 (40) Wang,Y (2730)-Bu,X (2723) Danzhou 2016}) (10... Qe7 11. a3 Bd7 (11... h6 12. b4 e4 13. Nd2 Bf5 14. Re1 Rae8 15. Bb2 Qd7 16. Nb5 Ne7 17. Nf1 Ned5 $11 {1/2 (37) Malek,D (2405)-Cuenca Jimenez,J (2490) Germany 2018}) 12. d5 Na5 13. Bd3 c5 14. dxc6 Nxc6 15. Rd1 Rac8 16. Bd2 h6 17. Rac1 Rfd8 18. Qb1 Be6 $11 {0-1 (41) Najer,E (2681)-Fressinet,L (2658) Germany 2009}) (10... exd4 11. exd4 Nb4 $5 12. Qb1 (12. Qd1 Bf5 13. a3 Nc6 14. Re1 h6 15. Ne5 Bxe5 16. dxe5 Qxd1 17. Nxd1 Nd7 $11 {1/2 (37) Chiburdanidze,M (2506)-Kosintseva,T (2536) Ningbo 2009}) 12... c6 13. Bg5 Be7 14. Re1 Nbd5 15. Qd3 Be6 16. a3 Nc7 17. Bxe6 Nxe6 18. Rad1 Nd5 19. Nxd5 cxd5 20. Bxe7 Qxe7 $11 {1/2 (34) Fernandez,D (2464)-Yagubi,A (2379) Livny 2017}) 11. a3 (11. dxe5 Nxe5 12. Nxe5 Bxe5 13. Bd3 Qe7 14. e4 {1/2 (72) Gajewski,G (2595)-Bluebaum,M (2620) Germany 2018} Rd8 $11) 11... h6 (11... b5 12. Ba2 (12. Be2 Bb7 13. Rd1 exd4 14. exd4 Ne7 15. Ne5 {1/2 (15) Prusikin,M (2545)-Parligras,M (2633) Bad Wiessee 2012}) (12. Bd3 Bb7 13. Ne4 h6 14. dxe5 Nxe5 15. Nxe5 Bxe5 16. Nc5 $14 {1-0 (28) Chuchelov,V (2375)-Gogichaishvili,G (2310) Khabarovsk 1990}) 12... Bb7 13. Rd1 exd4 14. exd4 b4 15. Ne4 Nxe4 16. Qxe4 $14 {1/2 (45) Kanter,E (2368)-Ly,M (2506) Dubai 2016}) (11... Qe7 12. b4 Bd7 13. Bb2 h6 14. Nd5 Nxd5 15. Bxd5 exd4 16. exd4 Qf6 17. Rae1 $14 {1-0 (22) Bogner,S (2556)-Vuilleumier,A (2362) Flims 2016}) ({RR} 11... Bd7 12. Bd2 exd4 13. exd4 Qc8 14. Ne4 Bxh3 15. Nxd6 Qg4 16. Ne1 Nxd4 17. Qd1 cxd6 18. Bc3 Nc6 19. Be2 Qg5 20. Bxf6 gxf6 21. Rc1 Kh8 22. Rc3 Be6 23. Qxd6 Rfd8 24. Qh2 Qe5 25. Rg3 Rg8 26. Bd3 {Le,Q (2709)-Mamedyarov,S (2771) Oslo 2022 0-1 (84)}) ({RR} 11... exd4 12. exd4 Ne7 13. Bg5 Bf5 14. Qe2 Ng6 15. Ne5 h6 16. Bxf6 gxf6 17. Nxf7 Rxf7 18. Qh5 Qd7 19. g4 Bd3 20. Bxd3 Nf4 21. Qf5 Nxd3 22. Qxd3 f5 23. Kh1 fxg4 24. hxg4 h5 25. Rae1 Raf8 26. d5 {Falkevall,A (2401)-Matyakubov,M (2132) Petrovac MNE 2025 ½-½ (51)}) 12. Rd1 exd4 (12... Qe7 $5 13. d5 e4 14. Nxe4 Nxe4 15. dxc6 bxc6 16. b3 Ng5 17. Nxg5 Qxg5 18. f4 Qf6 19. Bb2 Bf5 20. Bd3 (20. Bxf6 {1/2 (20) Hillarp Persson,T (2547)-Grandelius,N (2542) Vasteras 2011}) 20... Bxd3 21. Rxd3 Qg6 22. Qc3 $14) ({RR} 12... Bd7 13. b4 exd4 14. exd4 Ne7 15. Ne5 Be6 16. Bxe6 fxe6 17. Ne4 Nxe4 18. Qxe4 Bxe5 19. Qxe5 Qd7 20. Qg3 Nf5 21. Qg4 a5 22. bxa5 Rxa5 23. Bf4 Rfa8 24. Qf3 Rd5 25. Be5 Ra4 26. Rab1 c6 27. Qb3 {Horak,M (2244)-Gavrilescu,D (2475) Teplice 2019 0-1 (39)}) 13. exd4 Ne7 $146 (13... b5 $5 14. Ba2 (14. Bd3 Bb7) 14... Ne7 15. Ne5 Bf5) ({RR} 13... b5 14. Ba2 Bb7 15. Bxh6 gxh6 16. Qg6+ Kh8 17. Qxh6+ Nh7 18. Ne4 Be7 19. Nf6 {1-0 (19) Zhai,M (2365)-Qiu,M (2219) Hangzhou 2019}) ({RR} 13... Bd7 14. Re1 Qc8 15. Bxh6 Bf5 16. Qd2 gxh6 17. Qxh6 Nh7 18. Ne4 Be7 19. Ng3 Kh8 20. d5 Na5 21. Ba2 Bf6 22. Nxf5 Qxf5 23. Bb1 Bg7 24. Qxg7+ Kxg7 25. Bxf5 Nf6 26. b4 Nc4 27. Rac1 Nd6 28. Bb1 {Drygalov,S (2473)-Riazantsev,A (2639) Moscow 2019 ½-½ (124)}) 14. Ne5 $14 {[%csl Ge5]} Be6 {[%mdl 32] This move creates a long-term weakness in Black's position.} (14... b5 15. Bd3 Bb7 16. Bf4 $14) (14... c6 $5 {[%cal Ye7d5]}) 15. Bxe6 fxe6 {[%csl Re6]} 16. Bf4 Qe8 17. Re1 Nfd5 18. Bh2 Bxe5 19. Bxe5 Qf7 20. Ne4 (20. Nxd5 $142 Nxd5 (20... exd5 21. Qxc7 Qxf2+ $2 22. Kh2 $18) 21. Re4 $14) 20... Nc6 21. Nc5 b6 $6 (21... Nf4 $5 22. Nxb7 (22. Bxf4 Nxd4 23. Qe4 Qxf4 24. Qxf4 Rxf4 25. Rad1 b6 26. Nxe6 Nxe6 27. Rxe6 Raf8 28. f3 R4f6 $11) 22... Nxe5 23. Rxe5 Nxg2 24. Kxg2 Qf3+ 25. Kg1 Qxb7 $11) 22. Nd3 Nxe5 23. Nxe5 Qf5 24. Rac1 Rad8 25. h4 Nf4 {Black desperately tries to create counterplay but White keeps an advantage in the endgame.} 26. Qxf5 exf5 27. Rxc7 Rfe8 (27... Rxd4 28. Rb7 $1 b5 29. g3 Nd5 30. Ng6 $16) 28. Rc6 Rxd4 29. Rxb6 Rd5 30. g3 Rdxe5 (30... Nh5 31. Nf3) 31. Rxe5 Rxe5 32. gxf4 {[%mdl 4096]} Ra5 {Of course, Black's rook will be passive here but he had little choice:} (32... Re4 33. Rxa6 Rxf4 34. b4 {, and White's pawns quickly run forward.}) (32... Re1+ 33. Kg2 a5 34. Rb5 $18) 33. h5 Ra4 34. Kg2 Kf7 35. Kf3 Ke7 36. Rb7+ Kf6 37. Rb6+ Ke7 38. Kg3 Kf7 39. f3 Ke7 40. Rg6 Kf7 41. Kf2 Ra5 (41... Rxf4 42. Rxa6 Rh4 43. b4 Rxh5 44. b5 Rh2+ 45. Kg3 Rb2 46. a4 $18) ({After} 41... Rc4 $5 42. Ke3 a5 43. Rb6 {[%cal Rb6b5]} a4 44. Rb4 {White should win, too.}) 42. Rb6 Ra4 43. Ke3 Ke7 44. Rb7+ Kf6 45. Rc7 $22 Ra5 (45... g5 46. Rc6+ $18) (45... a5 46. Ra7 g5 47. Ra6+) 46. Rc4 Ke6 47. a4 Ke7 48. b3 Kd6 49. Rc8 Rd5 {The pawn endgame is completely lost for Black} ({as well as} 49... Ke6 50. Rc6+ Kd7 (50... Kf7 51. Kd4) 51. Rg6) 50. Rd8+ Kc6 51. Rxd5 Kxd5 52. Kd3 a5 53. Kc3 g6 (53... Kc5 54. b4+ axb4+ 55. Kb3 $18) 54. hxg6 Ke6 55. b4 axb4+ 56. Kxb4 h5 57. g7 Kf7 58. a5 1-0

[Event "Sinquefield Cup 7th"]
[Site "Saint Louis"]
[Date "2019.08.27"]
[Round "10"]
[White "Nakamura, Hikaru"]
[Black "Giri, Anish"]
[Result "1/2-1/2"]
[WhiteElo "2743"]
[BlackElo "2779"]
[PlyCount "45"]
[EventDate "2019.08.17"]
[EventType "tourn"]
[EventRounds "11"]
[EventCountry "USA"]
[EventCategory "22"]
[SourceTitle "CBM 192"]
[Source "ChessBase"]
[SourceDate "2019.10.31"]
[SourceVersion "1"]
[SourceVersionDate "2019.10.31"]
[SourceQuality "1"]

1. d4 Nf6 2. c4 e6 3. Nf3 d5 4. Nc3 Bb4 5. Bd2 O-O 6. e3 b6 7. cxd5 exd5 8. Bd3 Bb7 9. O-O Bd6 10. Rc1 c5 ({RR} 10... a6 11. Ne5 c5 12. f4 Nc6 13. Be1 cxd4 14. exd4 Nxd4 15. Bh4 Ne6 16. Qf3 Nc5 17. Bb1 Be7 18. Rcd1 h6 19. Bxf6 Bxf6 20. Nxd5 Bxe5 21. fxe5 Qg5 22. b4 Bxd5 23. Rxd5 Ne6 24. Rd7 Qxe5 25. Rxf7 {Li,C (2720)-Zhigalko,S (2671) Doha 2016 ½-½ (72)}) 11. Ne5 Nc6 12. Ng4 Nxg4 $146 ({RR} 12... Nb4 13. Nxf6+ Qxf6 14. Be2 cxd4 15. exd4 Qxd4 16. Nb5 Qe5 17. Nxd6 Qxd6 18. Qa4 Nc6 19. Rfd1 h6 20. Bf4 Qe6 21. Bf3 Ne5 22. Bxe5 Qxe5 23. Qd7 Rab8 24. Bxd5 Bxd5 25. Qxd5 Qxb2 26. g3 Qf6 27. Rc7 {Peptan,C (2385)-Ju,W (2560) Chess.com INT 2021 0-1 (83)}) ({RR} 12... cxd4 13. Nxf6+ Qxf6 14. Nxd5 Qe5 15. Nf4 dxe3 16. Bxe3 Rad8 17. Qg4 Bb8 18. Rfd1 Rd6 19. Nh5 Rg6 20. Qh3 f5 21. Bc4+ Kh8 22. Bd5 Qe7 23. Bf4 Ne5 24. Qc3 Re8 25. Ng3 Bxd5 26. Rxd5 Rc6 27. Qe3 {Kalogridis,A (2426)-Giannoulakis,L (2318) Loutraki GRE 2025 1-0 (78)}) ({RR} 12... Ne8 13. f4 cxd4 14. Nxd5 f5 15. Nf2 dxe3 16. Bxe3 Na5 17. Be2 Nf6 18. Bf3 Kh8 19. Nxf6 Qxf6 20. Bxb7 Nxb7 21. Bd4 Qf7 22. Qf3 Nc5 23. b3 Rad8 24. Rfd1 Ne6 25. Be3 Ba3 26. Rc4 Rxd1+ 27. Qxd1 {Aravindh,C (2608)-Holm,K (2463) Benasque 2022 ½-½ (31)}) 13. Qxg4 c4 14. Bb1 Ne7 15. Nb5 f5 16. Qe2 a6 17. Nxd6 Qxd6 18. f3 b5 19. Be1 Ng6 20. Ba5 Ne7 21. Be1 Ng6 22. Ba5 Ne7 23. Be1 1/2-1/2

[Event "Dortmund SuperGM 39th"]
[Site "Dortmund"]
[Date "2011.07.27"]
[Round "6"]
[White "Nakamura, Hikaru"]
[Black "Giri, Anish"]
[Result "1/2-1/2"]
[WhiteElo "2770"]
[BlackElo "2701"]
[PlyCount "143"]
[EventDate "2011.07.21"]
[EventType "tourn"]
[EventRounds "10"]
[EventCountry "GER"]
[EventCategory "20"]
[SourceTitle "CBM 144"]
[Source "ChessBase"]
[SourceDate "2011.09.16"]
[SourceVersion "1"]
[SourceVersionDate "2011.09.16"]
[SourceQuality "1"]

1. d4 Nf6 2. c4 e6 3. Nc3 Bb4 4. e3 O-O 5. Bd3 d5 6. Nf3 c5 7. O-O cxd4 8. exd4 dxc4 9. Bxc4 b6 10. Qe2 Bb7 11. Bg5 Bxc3 12. bxc3 Nbd7 13. Bd3 Qc7 14. c4 h6 15. Bd2 Ng4 16. Be4 Bxe4 17. Qxe4 Ngf6 18. Qe2 Qc6 $146 ({RR} 18... Rac8 19. Rac1 Qb7 20. Rfe1 {½-½ (20) Liberzon,V-Averkin,O Moscow 1969}) ({RR} 18... Rac8 19. Rfc1 Rfe8 20. h3 Qc6 21. a4 Qe4 22. Qf1 Rc7 23. Ra3 Rec8 24. a5 Ne8 25. Bb4 Qf4 26. a6 Qf6 27. Qe2 Rc6 28. Rcc3 Qf5 29. Rab3 Qf6 30. Qe4 Qd8 31. Nd2 Nef6 32. Qf3 Nb8 33. Rd3 {Cruz de la Osa,R (2223)-Vilela de Acuna,J (2326) Havana 2013 1-0 (52)}) 19. a4 Rac8 20. Rfc1 Qe4 21. Be3 Rc7 22. a5 Rfc8 23. Nd2 Qf5 24. axb6 axb6 25. f3 e5 26. Rcb1 exd4 27. Bxd4 Qf4 28. Qf2 Rc6 29. Re1 Rd6 30. Be3 Qf5 31. Bxh6 Rdc6 32. Be3 Ne5 33. Red1 Nfd7 34. Ra7 Qc2 35. Rda1 Nf8 36. h3 Nxc4 37. Nxc4 Rxc4 38. Qxc2 Rxc2 39. Bxb6 Rb2 40. Bc7 Ne6 41. Ra8 Rxa8 42. Rxa8+ Kh7 43. Be5 Re2 44. Ra5 g5 45. Rb5 Kg6 46. Kf1 Rc2 47. Rb2 Rxb2 48. Bxb2 f5 49. g3 g4 50. fxg4 fxg4 51. h4 Nc5 52. Ke2 Ne4 53. Be5 Kf5 54. Bc7 Nf6 55. Kd3 Ne4 56. Bb8 Nf6 57. Kd4 Ne4 58. Bf4 Nf6 59. Be5 Ne4 60. Kd5 Nd2 61. Bf4 Nf1 62. h5 Nxg3 63. h6 Nh5 64. Bc7 Kg6 65. Ke4 Kxh6 66. Kf5 g3 67. Bb6 g2 68. Bg1 Ng3+ 69. Kf4 Ne2+ 70. Kf3 Nxg1+ 71. Kf2 Nf3 72. Kxg2 1/2-1/2